| 000 | 00539nas a2200181 a 4500 | ||
|---|---|---|---|
| 001 | 000037324 | ||
| 003 | DLC | ||
| 005 | 20200930080306.0 | ||
| 008 | 120327c20099999dr qr1p dd 0 0spa d | ||
| 040 |
_aDO-SdBNP _bspa _cBNPHU |
||
| 043 | _anwdr | ||
| 245 | 0 | 0 | _aCámara Oficial Española de Comercio Industria. |
| 260 |
_aSanto Domingo : _bCámara Oficial Española de Comercio,. |
||
| 300 |
_av.- : _bil. ; _c29 cm. |
||
| 310 | _aTrimestral | ||
| 362 | 1 | _aJulio- septiembre 2009 | |
| 500 | _aCatalogación basada en : Julio- septiembre 2009 | ||
| 999 |
_c36814 _d36814 |
||